| 000 | 01754atm a2200493 4500 | ||
|---|---|---|---|
| 005 | 20241016174339.0 | ||
| 008 | 150723b2006 ag ||||| |||| 00| 0 spa d | ||
| 020 | _a9500613689 | ||
| 041 | _aESP | ||
| 082 | _a611 L351a4 | ||
| 100 |
_aLatarjet, Michel _938111 |
||
| 100 |
_aRuiz Liard, Alfredo _938112 |
||
| 245 | _aAnatomía Humana | ||
| 250 | _a4 edición | ||
| 260 | _aArgentina | ||
| 260 | _bEditorial Médica Panamericana | ||
| 260 | _c2006 | ||
| 300 | _a1746 páginas | ||
| 300 | _bIlustraciones a color | ||
| 300 | _eDisco compacto N°516 | ||
| 505 | _aTomo 1: Generalidades concernientes al esquelo, articulaciones y músculos. Columna vertebral. Esqueleto del cráneo y de la cara. Articulaicones de la cabez. Sistema nervioso. Órganos de los sentidos. MIembro superior. Miembro inferior. | ||
| 505 | _aTomo 2: Caja torácica. Sistema cardiovascular. Arterias de la gran circulación. Sistema linfático. Sistema respiratorio. Sistema digestivo supradiafragmático. Sistema urinario. Sistema genital. Glándulas endocrinas. | ||
| 650 | _aANATOMÍA HUMANA | ||
| 650 | _aSISTEMA ESQUELETICO | ||
| 650 | _aMIOLOGÍA | ||
| 650 | _aHUESOS DE LA CARA | ||
| 650 | _aANATOMÍA DE LA CABEZA | ||
| 650 | _aARTICULACIONES DE LA CABEZA | ||
| 650 | _aNERVIOS CRANEALES | ||
| 650 | _aSISTEMA NERVIOSO | ||
| 650 | _aÓRGANOS DE LOS SENTIDOS | ||
| 650 | _aMIEMBRO SUPERIOR | ||
| 650 | _aMIEMBRO INFERIOR | ||
| 650 | _aCAJA TORÁCICA | ||
| 650 | _aSISTEMA CARDIOVASCULAR | ||
| 650 | _aVASOS SANGUÍNEOS | ||
| 650 | _aSISTEMA LINFÁTICO | ||
| 650 | _aSISTEMA RESPIRATORIO | ||
| 650 | _aSISTEMA DIGESTIVO | ||
| 650 | _aSISTEMA URINARIO | ||
| 650 | _aGLÁNDULAS ENDOCRINAS | ||
| 942 |
_cBK _2ddc |
||
| 999 |
_c6463 _d6463 |
||